Multiattribute decision making and additive utility function

Guardado en:
Detalles Bibliográficos
Autor principal: Terek, Milan
Formato: Capítulo de libro
Lenguaje:inglés
Materias:
Etiquetas: Agregar Etiqueta
Sin Etiquetas, Sea el primero en etiquetar este registro!

MARC

LEADER 00000naa$a2200000$$$4500
001 0057518
005 20240502071641.0
041 0 |a eng 
044 |a SK 
245 1 0 |a Multiattribute decision making and additive utility function  |c Milan Terek 
610 2 0 |a rozhodovanie 
610 2 0 |a rozhodovanie viackriteriálne 
610 2 0 |a funkcie matematické 
610 2 0 |a oceňovanie 
610 2 0 |a váhy 
100 1 |a Terek, Milan